| 000 | 00703nam a2200289Ia 4500 | ||
|---|---|---|---|
| 005 | 20260324115951.0 | ||
| 008 | 008 260324s9999 xx 000 0 eng d | ||
| 020 | _a9781315736655 | ||
| 037 | _aEBOOK | ||
| 040 | _aCRL | ||
| 040 | _beng | ||
| 040 | _cCRL | ||
| 041 | _2eng | ||
| 041 | _aeng | ||
| 084 | _qCRL | ||
| 100 |
_aBinyamin Abrahamov _91156699 |
||
| 245 | 0 | _aIbn Al-Arabi's Fusus Al-Hikam | |
| 245 | 3 | _bAn Annotated Translation of "The Bezels of Wisdom" | |
| 260 | _bTaylor and Francis | ||
| 260 | _c2015 | ||
| 365 | _a | ||
| 365 | _b240 | ||
| 856 | _uhttp://www.taylorfrancis.com/books/9781315736655 | ||
| 942 | _cEBOOK | ||
| 999 |
_c1747966 _d1747966 |
||